|
|
|
|
| LEADER |
01223nam a2200289 a 4500 |
| 001 |
c000064601 |
| 003 |
CARM |
| 005 |
20010601132712.0 |
| 008 |
790822s1979 at b 000 0 eng d |
| 019 |
1 |
|
|a 1658071
|z 27800141
|5 LACONCORD2021
|
| 020 |
|
|
|a 0702215058 :
|c $1.50 Aust.
|
| 035 |
|
|
|a (OCoLC)14035568
|5 LACONCORD2021
|
| 040 |
|
|
|a ANB
|b eng
|c ANB
|d ANL:NR
|
| 042 |
|
|
|a anuc
|
| 082 |
0 |
4 |
|a 617.6/007
|
| 100 |
1 |
|
|a Powell, Robin Napier,
|d 1926-
|
| 245 |
1 |
4 |
|a The influence of professional objectives on dental undergraduate education and training /
|c by R.N. Powell.
|
| 260 |
|
|
|a St. Lucia, Q. :
|b University of Queensland Press,
|c 1979.
|
| 300 |
|
|
|a 17p. ;
|c 22cm.
|
| 440 |
|
0 |
|a University of Queensland inaugural lectures ;
|v 1978
|
| 500 |
|
|
|a Dentists. Professional education (ANB/PRECIS SIN 0390755)
|
| 500 |
|
|
|a Lecture delivered at the University of Queensland, 10 August 1978.
|
| 504 |
|
|
|a Includes bibliographical references.
|
| 650 |
|
0 |
|a Dentistry
|x Study and teaching.
|
| 852 |
8 |
|
|b CARM
|h A2:AI34A0
|i B04410
|p 0199440
|f BK
|
| 999 |
f |
f |
|i 7089da3f-6f33-5d0e-ac3d-a489eb2cf112
|s 37d054f1-3932-55c7-97d9-ca02ce1d5023
|
| 952 |
f |
f |
|p Can circulate
|a CAVAL
|b CAVAL
|c CAVAL
|d CARM 1 Store
|e B04410
|f A2:AI34A0
|h Other scheme
|i book
|m 0199440
|